| 000 | 00751na a2200253 4500 | ||
|---|---|---|---|
| 001 | 18596 | ||
| 003 | MIRAKIL | ||
| 005 | 20181213155040.0 | ||
| 008 | 161122b tu 000 0 | ||
| 040 |
_aMilas _btur _cTR-AnCHP |
||
| 041 | _atur | ||
| 082 |
_a342.072 _bT19s 2002 |
||
| 090 | _a342.072 T19s 2002 | ||
| 110 | _aT.C. Yasalar vb. | ||
| 240 | _a[Seçim Kanunu] | ||
| 245 |
_aSeçimlerin temel hükümleri ve seçmen kütükleri hakkında kanun ve ilgili mevzuat _cAdalet Bakanlığı |
||
| 260 |
_aAnkara _bAdalet Bakanlığı _c2002 |
||
| 300 |
_a208 s. _c24 sm. |
||
| 650 |
_aYasalar _zTürkiye |
||
| 650 |
_aYasalar _xSeçim hukuku _yHukuk ve mevuzat |
||
| 710 | _aAdalet Bakanlığı | ||
| 740 | _aSeçim Kanunu | ||
| 942 |
_2ddc _cBKS |
||
| 999 |
_c5568 _d5568 |
||